Les institutions de la France médiévale : XIe-XVe siècle (notice n° 1925514)

détails MARC
000 -LEADER
fixed length control field 01475cam a2200133 4500500
005 - DATE AND TIME OF LATEST TRANSACTION
control field 20260329023217.0
041 ## - LANGUAGE CODE
Language code of text/sound track or separate title fre
042 ## - AUTHENTICATION CODE
Authentication code dc
100 10 - MAIN ENTRY--PERSONAL NAME
Personal name Telliez, Romain
Relator term author
245 00 - TITLE STATEMENT
Title Les institutions de la France médiévale : XIe-XVe siècle
260 ## - PUBLICATION, DISTRIBUTION, ETC.
Name of publisher, distributor, etc. Armand Colin,<br/>
Date of publication, distribution, etc. 2022.<br/>
520 ## - SUMMARY, ETC.
Summary, etc. Cet ouvrage propose une analyse méthodique des institutions de la France médiévale, depuis le XIe siècle jusqu’au terme traditionnellement assigné au Moyen Âge. Celui-ci, contre toute légende, s’avère en effet particulièrement fécond en innovations institutionnelles dont beaucoup sont encore vivaces aujourd’hui.On s’attachera d’abord à montrer la logique de l’ordre seigneurial qui marque si profondément la culture politique et les rapports sociaux dans le cadre féodal. Une deuxième partie examine l’État royal dont elle décrit un par un les principaux rouages : gouvernement, administration, devoirs de justice, moyens financiers et outils militaires. Puis sont étudiées les villes, qui affirment leurs libertés et aspirent à se gouverner elles-mêmes, donnent naissance à leurs propres structures politiques, commune ou consulat. La dernière partie, enfin, est consacrée à l’Église, qui soumet peu à peu le monde des clercs et celui des fidèles à des cadres de plus en plus ordonnés.
856 41 - ELECTRONIC LOCATION AND ACCESS
Uniform Resource Identifier <a href="https://shs.cairn.info/les-institutions-de-la-france-medievale--9782200631673?lang=fr&redirect-ssocas=7080">https://shs.cairn.info/les-institutions-de-la-france-medievale--9782200631673?lang=fr&redirect-ssocas=7080</a>

Pas d'exemplaire disponible.

PLUDOC

PLUDOC est la plateforme unique et centralisée de gestion des bibliothèques physiques et numériques de Guinée administré par le CEDUST. Elle est la plus grande base de données de ressources documentaires pour les Étudiants, Enseignants chercheurs et Chercheurs de Guinée.

Adresse

627 919 101/664 919 101

25 boulevard du commerce
Kaloum, Conakry, Guinée

Réseaux sociaux

Powered by Netsen Group @ 2025